Blokové obchody Novinky na BCPB

Nový podsystém obchodovania fungujúci od 11. decembra 1995. Blokové obchody.

Gespeichert in:
Bibliographische Detailangaben
Format: Buchkapitel
Sprache:Slowakisch
Schlagworte:
Tags: Tag hinzufügen
Keine Tags, Fügen Sie das erste Tag hinzu!

MARC

LEADER 00000naa a2200000 4500
001 r018601
005 20221213100408.2
041 0 |a slo 
044 |a SK 
245 1 0 |a Blokové obchody  |b Novinky na BCPB 
520 |a Nový podsystém obchodovania fungujúci od 11. decembra 1995. Blokové obchody. 
610 2 0 |a burzy 
610 2 0 |a burzovníctvo 
610 2 0 |a trh kapitálový 
610 2 0 |a BCP Bratislava 
610 2 0 |a obchody burzové